000 00983nam a2200205 a 4500
008 120416s1980 ||||||||||||||||| || u
020 _a0256023476
050 _aHF 5415.13 Mar
100 _aWebster, Frederick
245 1 0 _aMarketing management case book
_cedited by Robert T. Davis
250 _a3rd. ed.
260 _aHomewood, Ill.
_bRichard D. Irwin
_c1980
300 _aviii, 744 p. : ill.
350 _a0.00
650 0 _aMARKETING--MANAGEMENT--CASE STUDIES
700 _aBoyd, Harper W
995 _aTEXTBOOKS (SB)
_D0.00
_e1808
_FCBU-SCHOOL TEXTBOOK COLLECTIONS
_H1
_I0.00
_jSCHOOL TEXTBOOK
_M3
_UAVAILABLE
_WSep 24, 2009
_y1808
_ZSchool Collections
995 _aMAIN LIBRARY OPEN ACCESS
_D0.00
_e713261
_FCBU-MAIN LIBRARY (Kitwe)
_H2
_I28.95
_jHF 5415.13 Mar
_M2
_UAVAILABLE
_y005608
_ZMain Library Open Access Collection
995 _aMAIN LIBRARY OPEN ACCESS
_D0.00
_e707623
_FCBU-MAIN LIBRARY (Kitwe)
_H1
_I28.95
_jHF 5415.13 Mar
_M1
_UAVAILABLE
_y005611
_ZMain Library Open Access Collection
999 _c82660
_d82660